University Home | Library Home | Institutional Repository

Letters of four seasons / (Record no. 132330)

MARC details
000 -LEADER
fixed length control field 00425cam8a220014500 4500
020 ## - INTERNATIONAL STANDARD BOOK NUMBER
International Standard Book Number 4770007787
035 ## - SYSTEM CONTROL NUMBER
System control number (Sirsi) a23458
050 0# - LIBRARY OF CONGRESS CALL NUMBER
Classification number PL 353 IKE 1980
100 1# - MAIN ENTRY--PERSONAL NAME
Personal name Ikeda, Daisaku.
245 10 - TITLE STATEMENT
Title Letters of four seasons /
Statement of responsibility, etc. Daisaku Ikeda and Yasushi Inoue.
260 ## - PUBLICATION, DISTRIBUTION, ETC.
Place of publication, distribution, etc. Tokyo :
Name of publisher, distributor, etc. Kodansha International,
Date of publication, distribution, etc. 1980.
500 ## - GENERAL NOTE
General note Translation of Shiki no gansho.
650 #0 - SUBJECT ADDED ENTRY--TOPICAL TERM
Topical term or geographic name entry element Literature
700 1# - ADDED ENTRY--PERSONAL NAME
Personal name Inoue, Yasushi, 1907-

No items available.

© 2026 - The University of Zambia Library - Koha v25.11